[Event "Cattolica Vergani Cup"]
[Site "Cattolica"]
[Date "2021.12.29"]
[Round "7"]
[White "Carletti, Angelo"]
[Black "Buanne, Luca"]
[Result "1/2-1/2"]
[WhiteElo "1956"]
[BlackElo "1880"]
[PlyCount "127"]
[EventDate "2021.12.26"]
[EventType "swiss"]
[EventRounds "9"]
[EventCountry "ITA"]
[SourceTitle "EXT 2023"]
[Source "ChessBase"]
[SourceDate "2022.10.05"]
[SourceVersion "1"]
[SourceVersionDate "2022.10.05"]
[SourceQuality "1"]

1. e4 c5 2. Nf3 d6 3. Bb5+ Nd7 4. c3 a6 5. Ba4 b5 6. Bc2 c4 7. b3 Bb7 8. Qe2 Rc8 9. a4 Ngf6 10. b4 g6 11. 0-0 Bg7 12. d3 cxd3 13. Bxd3 0-0 14. axb5 axb5 15. Ra7 Bc6 16. Nd4 Ne5 17. Nxc6 Nxc6 18. Ra3 d5 19. exd5 Nxd5 20. Bxb5 Qb6 21. Ra6 Qb7 22. Bxc6 Rxc6 23. Rxc6 Qxc6 24. b5 Nxc3 25. Nxc3 Qxc3 26. Qxe7 Qb3 27. Qb7 Be5 28. Bh6 Rb8 29. Rc1 Qe6 30. Qc6 Qf5 31. g3 Bd4 32. Rc2 Qh3 33. Qd6 Re8 34. Be3 Bxe3 35. fxe3 Qf5 36. Qc5 Qxc5 37. Rxc5 Rxe3 38. Kf2 Rb3 39. g4 h6 40. h4 Kf8 41. g5 hxg5 42. hxg5 Ke7 43. Rc7+ Ke6 44. Rb7 Kf5 45. Rxf7+ Kxg5 46. Rb7 Kg4 47. Rd7 Rb2+ 48. Kg1 Rxb5 49. Rd3 g5 50. Ra3 Kh4 51. Kg2 Rb2+ 52. Kg1 g4 53. Rc3 Rb1+ 54. Kg2 Rb2+ 55. Kg1 g3 56. Rc8 Rb5 57. Rh8+ Kg4 58. Rg8+ Rg5 59. Rxg5+ Kxg5 60. Kg2 Kg4 61. Kg1 Kf3 62. Kf1 Ke3 63. Kg2 Ke2 64. Kxg3 1/2-1/2

[Event "Cattolica Vergani Cup"]
[Site "Cattolica"]
[Date "2021.12.26"]
[Round "1"]
[White "Kalogridis, Antonios"]
[Black "Carletti, Angelo"]
[Result "1-0"]
[WhiteElo "2311"]
[BlackElo "1956"]
[PlyCount "45"]
[EventDate "2021.12.26"]
[EventType "swiss"]
[EventRounds "9"]
[EventCountry "ITA"]
[SourceTitle "EXT 2023"]
[Source "ChessBase"]
[SourceDate "2022.10.05"]
[SourceVersion "1"]
[SourceVersionDate "2022.10.05"]
[SourceQuality "1"]

1. d4 d5 2. c4 e6 3. Nc3 Be7 4. cxd5 exd5 5. Bf4 c6 6. e3 Bd6 7. Qf3 Ne7 8. Bd3 Bf5 9. Bxf5 Nxf5 10. 0-0-0 Nd7 11. Nge2 g6 12. g4 Nh4 13. Qg3 Be7 14. Kb1 Nb6 15. e4 dxe4 16. Nxe4 0-0 17. Bh6 Re8 18. Qe5 f6 19. Qe6+ Kh8 20. Qf7 Rg8 21. N2c3 Qe8 22. Nd6 Qd8 23. Qxf6+ 1-0

[Event "Cattolica op-B 8th"]
[Site "Cattolica"]
[Date "2021.05.30"]
[Round "4"]
[White "Zarpellon, Daniele"]
[Black "Carletti, Angelo"]
[Result "0-1"]
[WhiteElo "1940"]
[BlackElo "1923"]
[PlyCount "112"]
[EventDate "2021.05.27"]
[EventType "swiss"]
[EventRounds "7"]
[EventCountry "ITA"]
[SourceTitle "CBM 203 Extra"]
[Source "ChessBase"]
[SourceDate "2021.09.30"]
[SourceVersion "1"]
[SourceVersionDate "2021.09.30"]
[SourceQuality "1"]

1. Nf3 Nf6 2. d4 d5 3. e3 e6 4. c4 b6 5. Nc3 Bb7 6. Bd2 Nbd7 7. Rc1 a6 8. a3 Bd6 9. Bd3 0-0 10. 0-0 c5 11. Qe2 Ne4 12. Ne1 f5 13. f4 g5 14. Bxe4 dxe4 15. dxc5 bxc5 16. g3 Rb8 17. Ng2 Bc6 18. Rc2 g4 19. Rd1 Qc7 20. Be1 Be7 21. Rcd2 Rb3 22. Na2 Rfb8 23. Nc1 R3b7 24. b3 Re8 25. Rc2 a5 26. a4 Ra8 27. Bc3 Bf8 28. Ne1 Bg7 29. Bxg7 Kxg7 30. Qd2 Kf7 31. Qd6 Qxd6 32. Rxd6 Rc8 33. Rd1 Ke7 34. Rcd2 Nf6 35. Nc2 Rcc7 36. Na3 Rd7 37. Kf2 Rxd2+ 38. Rxd2 Rd7 39. Rxd7+ Kxd7 40. Ne2 Ne8 41. Nc3 Nc7 42. Ncb5 Na6 43. Nc2 Nb4 44. Nxb4 axb4 45. Na7 Kc7 46. h3 Bxa4 47. bxa4 gxh3 48. a5 Kb7 49. Nb5 Ka6 50. Nc7+ Kxa5 51. Nxe6 Kb6 52. g4 b3 53. gxf5 b2 54. f6 b1Q 55. f7 Qc2+ 56. Kg3 Qg2+ 0-1

[Event "Porto San Giorgio op"]
[Site "Porto San Giorgio"]
[Date "2019.08.25"]
[Round "3"]
[White "D'Antonio, Neri"]
[Black "Carletti, Angelo"]
[Result "1-0"]
[WhiteElo "2086"]
[BlackElo "1946"]
[PlyCount "69"]
[EventDate "2019.08.24"]
[EventType "swiss"]
[EventRounds "9"]
[EventCountry "ITA"]
[SourceTitle "EXT 2020"]
[Source "ChessBase"]
[SourceDate "2019.10.17"]
[SourceVersion "1"]
[SourceVersionDate "2019.10.17"]
[SourceQuality "1"]

1. e4 c5 2. Nf3 d6 3. Bb5+ Bd7 4. Bxd7+ Nxd7 5. d4 cxd4 6. Qxd4 Ngf6 7. 0-0 g6 8. c4 Bg7 9. Nc3 0-0 10. Qd3 Rc8 11. Be3 a6 12. b3 Qa5 13. Rac1 Qh5 14. h3 h6 15. Rfe1 g5 16. Nd5 Rfe8 17. Nxf6+ Bxf6 18. Bd4 Bxd4 19. Qxd4 Nc5 20. e5 Ne6 21. Qg4 Qxg4 22. hxg4 Red8 23. g3 dxe5 24. Rxe5 b5 25. c5 b4 26. Rc4 a5 27. c6 Ra8 28. Rb5 Rdc8 29. Ne5 Ra6 30. Rb7 Nd8 31. Rxe7 f6 32. c7 Ne6 33. Nd7 Rd6 34. Nxf6+ Kf8 35. Re8+ 1-0

[Event "Cattolica Weekend 1st"]
[Site "Cattolica"]
[Date "2019.06.16"]
[Round "5"]
[White "Carletti, Angelo"]
[Black "Gohshtein, Pavel"]
[Result "1/2-1/2"]
[WhiteElo "1929"]
[BlackElo "2055"]
[PlyCount "138"]
[EventDate "2019.06.14"]
[EventType "swiss"]
[EventRounds "5"]
[EventCountry "ITA"]
[SourceTitle "CBM 191 Extra"]
[Source "ChessBase"]
[SourceDate "2019.09.30"]
[SourceVersion "1"]
[SourceVersionDate "2019.09.30"]
[SourceQuality "1"]

1. d4 Nf6 2. Bg5 d5 3. e3 c6 4. Nd2 Bf5 5. Ngf3 Nbd7 6. c4 h6 7. Bf4 Nh5 8. Bg3 Nxg3 9. hxg3 e6 10. Qb3 Qb6 11. Be2 Qxb3 12. axb3 Bb4 13. Kd1 0-0 14. Ne1 Bd6 15. Bd3 Bxd3 16. Nxd3 e5 17. Kc2 exd4 18. exd4 Rfe8 19. c5 Bf8 20. Rhe1 a6 21. b4 g6 22. Nb3 Bg7 23. Rxe8+ Rxe8 24. Re1 Rxe1 25. Nxe1 Nf8 26. Na5 Ne6 27. Nf3 Nd8 28. Kd3 Kf8 29. Ne1 h5 30. f4 Ke7 31. Ke3 Ke6 32. Nc2 Kf5 33. Kf3 Ke6 34. Ke3 Bf6 35. Kf3 Kd7 36. g4 hxg4+ 37. Kxg4 Ke6 38. g3 Be7 39. Kf3 f5 40. Ke3 g5 41. Kf3 gxf4 42. gxf4 Bf6 43. Ke3 Kd7 44. Kd3 Bg7 45. Ne3 Ke6 46. Ng2 Kf7 47. Nh4 Ke6 48. Ke3 Bf6 49. Nf3 Kf7 50. Kf2 Kg6 51. Kg3 Kh5 52. Ne5 Bh4+ 53. Kf3 Bf6 54. Kg3 Ne6 55. Nxb7 Nxd4 56. Nd3 Kg6 57. Na5 Kf7 58. Kf2 Ke6 59. Ke3 Kd7 60. Nb7 Nb5 61. Na5 Na7 62. Nb3 Nb5 63. Na5 Bg7 64. Kf3 Nd4+ 65. Ke3 Kc7 66. Kf2 Kd7 67. Ke3 Nb5 68. Kf3 Nc7 69. Nb7 Nb5 1/2-1/2

[Event "WchT Amateur"]
[Site "Kaunas"]
[Date "2016.11.23"]
[Round "4.3"]
[White "Kooshani, Mahbuboollah"]
[Black "Carletti, Angelo"]
[Result "1-0"]
[WhiteElo "1949"]
[BlackElo "1944"]
[PlyCount "81"]
[EventDate "2016.11.20"]
[EventType "team-swiss"]
[EventRounds "9"]
[EventCountry "LTU"]
[SourceTitle "CBM 175 Extra"]
[Source "ChessBase"]
[SourceDate "2016.12.12"]
[SourceVersion "1"]
[SourceVersionDate "2016.12.12"]
[SourceQuality "1"]
[WhiteTeam "Afghanistan"]
[BlackTeam "Italy"]
[WhiteTeamCountry "AFG"]
[BlackTeamCountry "ITA"]

1. d4 Nf6 2. c4 g6 3. Nf3 Bg7 4. Nc3 d6 5. e4 0-0 6. h3 e5 7. dxe5 dxe5 8. Qxd8 Rxd8 9. Bg5 Re8 10. Nd5 Nxd5 11. cxd5 c6 12. 0-0-0 cxd5 13. Bb5 Bd7 14. Bxd7 Nxd7 15. Rxd5 Rac8+ 16. Kb1 Nc5 17. Be3 Nxe4 18. Bxa7 b6 19. Nd2 Nxf2 20. Rf1 e4 21. Rxf2 e3 22. Re2 exd2 23. Rxe8+ Rxe8 24. Rxd2 Bh6 25. Rf2 Re1+ 26. Kc2 Be3 27. Rf3 f5 28. g3 Kf7 29. a4 Bg1 30. Rb3 Re6 31. a5 Rc6+ 32. Kd2 Rd6+ 33. Ke2 Rd7 34. Bxb6 Rb7 35. Kd3 Ke8 36. Kc4 Bxb6 37. Rxb6 Rxb6 38. axb6 Kd7 39. Kd5 h6 40. Ke5 h5 41. h4 1-0

[Event "WchT Amateur"]
[Site "Kaunas"]
[Date "2016.11.20"]
[Round "1.2"]
[White "Rauduve, Algirdas"]
[Black "Carletti, Angelo"]
[Result "1-0"]
[WhiteElo "1636"]
[BlackElo "1944"]
[PlyCount "51"]
[EventDate "2016.11.20"]
[EventType "team-swiss"]
[EventRounds "9"]
[EventCountry "LTU"]
[SourceTitle "CBM 175 Extra"]
[Source "ChessBase"]
[SourceDate "2016.12.12"]
[SourceVersion "1"]
[SourceVersionDate "2016.12.12"]
[SourceQuality "1"]
[WhiteTeam "Lithuania VDU II"]
[BlackTeam "Italy"]
[WhiteTeamCountry "LTU"]
[BlackTeamCountry "ITA"]

1. e4 e6 2. d4 d5 3. Nd2 Nf6 4. e5 Nfd7 5. Bd3 c5 6. c3 Nc6 7. Ne2 cxd4 8. cxd4 f6 9. exf6 Nxf6 10. 0-0 Bd6 11. Nf3 Qc7 12. Re1 0-0 13. Ng3 h6 14. Bd2 a6 15. Rc1 Ng4 16. Qe2 Bxg3 17. fxg3 Qb6 18. Bc3 e5 19. h3 exd4 20. hxg4 dxc3+ 21. Kh2 cxb2 22. Rb1 Bxg4 23. Rxb2 Qc5 24. Rxb7 Bxf3 25. Qe6+ Kh8 26. Qg6 1-0

[Event "Condino op 11th"]
[Site "Condino"]
[Date "2011.07.25"]
[Round "1"]
[White "Carletti, Angelo"]
[Black "Rubio Mejia, Luis Ignacio"]
[Result "0-1"]
[WhiteElo "1849"]
[BlackElo "2417"]
[PlyCount "110"]
[EventDate "2011.07.25"]
[EventType "swiss"]
[EventRounds "7"]
[EventCountry "ITA"]
[SourceTitle "EXT 2012"]
[Source "ChessBase"]
[SourceDate "2011.11.24"]
[SourceVersion "1"]
[SourceVersionDate "2011.11.24"]
[SourceQuality "1"]

1. e4 c5 2. Nf3 d6 3. d4 cxd4 4. Nxd4 Nf6 5. Nc3 a6 6. Bc4 e6 7. Bb3 Nbd7 8. f4 Nc5 9. Qf3 Be7 10. 0-0 0-0 11. f5 e5 12. Nde2 b5 13. Bg5 b4 14. Bxf6 Bxf6 15. Nd5 Bb7 16. Rfd1 Rc8 17. Ng3 Bxd5 18. Rxd5 Qb6 19. Qf2 Bh4 20. Rad1 Rfd8 21. Kh1 Qc7 22. Qf3 Bxg3 23. hxg3 Qe7 24. Rf1 Nd7 25. Rd3 Nf6 26. Rfd1 a5 27. Qe2 h6 28. Bd5 Qa7 29. g4 Kf8 30. R1d2 Rc5 31. Rg3 Ke7 32. Qf2 Rc7 33. Qxa7 Rxa7 34. Kh2 Rc8 35. c4 bxc3 36. bxc3 Nxd5 37. Rxd5 Rc4 38. Re3 Ra4 39. Rd2 Rc7 40. Rb2 Ra3 41. Rc2 Ra4 42. Kg3 Rcc4 43. Kf3 d5 44. exd5 Kd6 45. Rd2 Rxg4 46. g3 Rg5 47. Rxe5 Kxe5 48. d6 Rxf5+ 49. Ke3 Re4+ 50. Kd3 Rf3+ 51. Kc2 Rc4 52. d7 Rcxc3+ 53. Kb2 Rcd3 54. Kc2 Rxd2+ 55. Kxd2 Rf6 0-1

[Event "Crema op 11th"]
[Site "Crema"]
[Date "2009.09.06"]
[Round "5"]
[White "Carletti, Angelo"]
[Black "Annoni, Riccardo"]
[Result "1/2-1/2"]
[WhiteElo "1565"]
[BlackElo "2087"]
[PlyCount "43"]
[EventDate "2009.09.04"]
[EventType "swiss"]
[EventRounds "6"]
[EventCountry "ITA"]
[SourceTitle "EXT 2011"]
[Source "ChessBase"]
[SourceDate "2010.11.26"]
[SourceVersion "1"]
[SourceVersionDate "2010.11.26"]
[SourceQuality "1"]

1. e4 c5 2. Nf3 e6 3. c3 Nf6 4. e5 Nd5 5. Bc4 Nb6 6. Bb3 c4 7. Bc2 d5 8. d4 cxd3 9. Bxd3 Nc6 10. 0-0 Nd7 11. Bf4 Be7 12. Bg3 0-0 13. Nbd2 f5 14. exf6 gxf6 15. Nd4 Nc5 16. Bxh7+ Kxh7 17. Qh5+ Kg7 18. Qg4+ Kf7 19. Qh5+ Kg7 20. Qg4+ Kf7 21. Qh5+ Kg7 22. Qg4+ 1/2-1/2